[Event "Warsaw Szansa Rapid op"]
[Site "Warsaw"]
[Date "2021.09.11"]
[Round "4"]
[White "Lewicki, Miroslaw"]
[Black "Turowski, Piotr"]
[Result "1-0"]
[WhiteElo "2340"]
[BlackElo "2012"]
[PlyCount "39"]
[EventDate "2021.09.11"]
[EventType "swiss (rapid)"]
[EventRounds "9"]
[EventCountry "POL"]
[SourceTitle "CBM 204 Extra"]
[Source "ChessBase"]
[SourceDate "2021.11.30"]
[SourceVersion "1"]
[SourceVersionDate "2021.11.30"]
[SourceQuality "1"]

1. e4 c5 2. Nf3 a6 3. c4 Nc6 4. Nc3 e5 5. g3 d6 6. Bg2 g6 7. 0-0 Bg7 8. d3 Nge7 9. a3 Rb8 10. Nd5 0-0 11. Bd2 h6 12. b4 f5 13. Bc3 b5 14. Rb1 Be6 15. Nd2 Nd4 16. Bxd4 exd4 17. Nxe7+ Qxe7 18. Re1 Qf7 19. exf5 Qxf5 20. Rxe6 1-0

[Event "Warsaw Szansa Blitz op"]
[Site "Warsaw"]
[Date "2021.09.10"]
[Round "3"]
[White "Kuzmicz, Krystian"]
[Black "Turowski, Piotr"]
[Result "1-0"]
[WhiteElo "2469"]
[BlackElo "2012"]
[PlyCount "53"]
[EventDate "2021.09.10"]
[EventType "swiss (blitz)"]
[EventRounds "11"]
[EventCountry "POL"]
[SourceTitle "CBM 204 Extra"]
[Source "ChessBase"]
[SourceDate "2021.11.30"]
[SourceVersion "1"]
[SourceVersionDate "2021.11.30"]
[SourceQuality "1"]

1. e4 c5 2. d3 d5 3. exd5 Nf6 4. c4 e6 5. dxe6 Bxe6 6. Nc3 Nc6 7. Nf3 Be7 8. Be2 a6 9. 0-0 0-0 10. h3 h6 11. Be3 Nd4 12. Bxd4 cxd4 13. Nb1 b5 14. Nbd2 Qb6 15. Nb3 Rfd8 16. Rc1 Rac8 17. Nfd2 a5 18. cxb5 Rxc1 19. Nxc1 Qxb5 20. b3 Nd5 21. Nc4 Nc3 22. Qc2 Rb8 23. Bf3 a4 24. bxa4 Qxa4 25. Qxa4 Nxa4 26. Nb3 Bf6 27. Nca5 1-0

[Event "Klementowice op 2nd"]
[Site "Klementowice"]
[Date "2011.08.14"]
[Round "1"]
[White "Moszczenski, Milosz"]
[Black "Turowski, Piotr"]
[Result "0-1"]
[WhiteElo "1631"]
[BlackElo "2040"]
[PlyCount "108"]
[EventDate "2011.08.14"]
[EventType "swiss"]
[EventRounds "9"]
[EventCountry "POL"]
[SourceTitle "CBM 144 Extra"]
[Source "ChessBase"]
[SourceDate "2011.10.28"]
[SourceVersion "1"]
[SourceVersionDate "2011.10.28"]
[SourceQuality "1"]

1. e4 c5 2. Nf3 e6 3. d4 cxd4 4. Nxd4 Nc6 5. Be2 Nf6 6. Nc3 Bb4 7. Qd3 d5 8. exd5 Nxd5 9. Nxc6 bxc6 10. 0-0 0-0 11. Ne4 f5 12. Ng3 Qc7 13. c4 Nf4 14. Qb3 Rb8 15. Bf3 Ba6 16. a3 Bc5 17. Qa4 Bb7 18. Bxf4 Qxf4 19. Bxc6 Rfd8 20. Bxb7 Rxb7 21. Qc6 Rc7 22. Qxe6+ Rf7 23. Rae1 Bd6 24. Rd1 Kf8 25. c5 Rf6 26. Qe3 Re8 27. Qxf4 Bxf4 28. Rd3 g6 29. Rfd1 Rfe6 30. Kf1 h5 31. Nh1 Re2 32. g3 Bb8 33. R3d2 R2e4 34. Rc2 h4 35. b4 h3 36. b5 Bc7 37. Rb1 Ba5 38. Rcc1 R8e6 39. c6 Re8 40. Rd1 Kf7 41. Rbc1 R4e7 42. Rd7 Rxd7 43. cxd7 Re4 44. f3 Re3 45. Nf2 Rxf3 46. Ke2 Rxa3 47. Nxh3 Ra2+ 48. Kf3 Rxh2 49. Nf4 g5 50. Ra1 g4+ 51. Ke3 Bb6+ 52. Kd3 Ke7 53. Ne2 Rf2 54. Rh1 Kxd7 0-1

[Event "Zlota Wieze 50"]
[Site "Pultusk"]
[Date "2008.07.03"]
[Round "6.1"]
[White "Sobczak, Miroslaw"]
[Black "Turowski, Piotr"]
[Result "0-1"]
[WhiteElo "2043"]
[BlackElo "2009"]
[PlyCount "69"]
[EventDate "2008.06.30"]
[EventType "team"]
[EventRounds "9"]
[EventCountry "POL"]
[SourceTitle "EXT 2020"]
[Source "ChessBase"]
[SourceDate "2019.10.17"]
[SourceVersion "1"]
[SourceVersionDate "2019.10.17"]
[SourceQuality "1"]

1. e4 c5 2. Nc3 a6 3. a4 e6 4. f4 g6 5. Nf3 Bg7 6. g3 b6 7. Bg2 Bb7 8. d3 Ne7 9. 0-0 Nbc6 10. Bd2 Nd4 11. Nxd4 cxd4 12. Ne2 d6 13. c3 dxc3 14. Bxc3 0-0 15. g4 Rc8 16. Qe1 a5 17. Qh4 f5 18. Bxg7 Kxg7 19. Nd4 Qd7 20. exf5 exf5 21. Bxb7 Qxb7 22. Ne6+ Kg8 23. Nxf8 Rxf8 24. Rae1 Nd5 25. gxf5 Rxf5 26. Re8+ Kg7 27. Qd8 Qc6 28. Rh8 Kh6 29. Rf8 Ne3 30. Qh4+ Rh5 31. Qf2 Nxf1 32. Qxf1 Qxa4 33. Qe2 Rc5 34. f5 Rc1+ 35. Kg2 0-1

[Event "Zlota Wieze 50"]
[Site "Pultusk"]
[Date "2008.07.02"]
[Round "4.4"]
[White "Mlodzinska, Irena"]
[Black "Turowski, Piotr"]
[Result "0-1"]
[WhiteElo "1927"]
[BlackElo "2009"]
[PlyCount "128"]
[EventDate "2008.06.30"]
[EventType "team"]
[EventRounds "9"]
[EventCountry "POL"]
[SourceTitle "EXT 2020"]
[Source "ChessBase"]
[SourceDate "2019.10.17"]
[SourceVersion "1"]
[SourceVersionDate "2019.10.17"]
[SourceQuality "1"]

1. e4 c5 2. Nf3 e6 3. Be2 a6 4. a4 Nc6 5. 0-0 Nf6 6. d3 d6 7. c3 Rb8 8. Na3 b5 9. axb5 axb5 10. Bg5 Be7 11. Nd2 b4 12. Nc2 d5 13. f4 dxe4 14. dxe4 bxc3 15. bxc3 0-0 16. Bf3 Bb7 17. Qe2 Qc7 18. Ne3 Nd7 19. Bxe7 Nxe7 20. e5 Bxf3 21. Qxf3 Nb6 22. Ne4 Nbd5 23. Nc4 Rb3 24. Ncd6 h6 25. Qg4 Ne3 26. Nf6+ Kh8 27. Nxf7+ Rxf7 28. Qxe6 Qc6 29. Qxc6 Nxc6 30. Ra8+ Rb8 31. Rxb8+ Nxb8 32. Re1 gxf6 33. e6 Re7 34. Rxe3 Nc6 35. f5 Ne5 36. Re4 Kg7 37. Kf2 Ra7 38. Re2 Ra3 39. Rc2 Ra4 40. g3 Kf8 41. Rd2 Ke7 42. h3 Ra3 43. Rc2 Nc4 44. Kf3 h5 45. g4 Ne5+ 46. Ke4 hxg4 47. hxg4 Nxg4 48. Rb2 Rxc3 49. Rb7+ Kd6 50. Rd7+ Kc6 51. Rg7 Nf2+ 52. Kf4 Nh3+ 53. Kg4 Re3 54. Rf7 Nf2+ 55. Kf4 Re1 56. Rxf6 Ne4 57. Rf8 Nd6 58. Rf6 c4 59. Rh6 Rf1+ 60. Ke5 Rxf5+ 61. Kd4 Rd5+ 62. Kc3 Re5 63. Rg6 Kd5 64. Rg7 Rxe6 0-1

[Event "Zlota Wieze 50"]
[Site "Pultusk"]
[Date "2008.07.01"]
[Round "3.5"]
[White "Turowski, Piotr"]
[Black "Platek, Michal"]
[Result "1-0"]
[WhiteElo "2009"]
[BlackElo "1947"]
[PlyCount "105"]
[EventDate "2008.06.30"]
[EventType "team"]
[EventRounds "9"]
[EventCountry "POL"]
[SourceTitle "EXT 2020"]
[Source "ChessBase"]
[SourceDate "2019.10.17"]
[SourceVersion "1"]
[SourceVersionDate "2019.10.17"]
[SourceQuality "1"]

1. d4 d5 2. Nf3 Nf6 3. g3 c6 4. Bg2 Bf5 5. 0-0 e6 6. c4 Be7 7. Nc3 0-0 8. h3 Ne4 9. Bf4 Nd7 10. Rc1 Ng5 11. Nxg5 Bxg5 12. Qd2 Bxf4 13. Qxf4 Qb8 14. Qh4 Qd8 15. Qf4 Qb8 16. Qd2 Nf6 17. Kh2 Qd6 18. f4 Rad8 19. c5 Qc7 20. b4 Be4 21. a4 a6 22. Qe3 Bxg2 23. Kxg2 Rb8 24. Rb1 b6 25. Rfc1 bxc5 26. dxc5 Rb7 27. b5 axb5 28. axb5 cxb5 29. Nxb5 Qa5 30. Nd6 Rxb1 31. Rxb1 Ne4 32. Nxe4 dxe4 33. Rc1 Rc8 34. Qd4 Qc7 35. Kf2 f5 36. Rc2 Kf7 37. Kg2 Qb7 38. Kf2 Qc6 39. g4 Rc7 40. Kg3 Rd7 41. Qe5 Rd5 42. Qb8 Rd7 43. Qe5 Rd5 44. Qc3 Kg6 45. Qb3 Kf6 46. Qb8 Kf7 47. Ra2 Rd7 48. Ra8 Rb7 49. Qg8+ Kg6 50. Rc8 Qd7 51. gxf5+ exf5 52. Rd8 Rb3+ 53. Kg2 1-0

[Event "Zlota Wieza op 49th"]
[Site "Gniezno"]
[Date "2007.05.26"]
[Round "9"]
[White "Turowski, Piotr"]
[Black "Panocki, Adrian"]
[Result "0-1"]
[WhiteElo "1956"]
[BlackElo "2292"]
[PlyCount "80"]
[EventDate "2007.05.20"]
[EventType "swiss"]
[EventRounds "9"]
[EventCountry "POL"]
[SourceTitle "EXT 2011"]
[Source "ChessBase"]
[SourceDate "2010.11.26"]
[SourceVersion "1"]
[SourceVersionDate "2010.11.26"]
[SourceQuality "1"]

1. Nf3 Nf6 2. c4 g6 3. b3 Bg7 4. Bb2 0-0 5. g3 d5 6. Bg2 Nc6 7. cxd5 Qxd5 8. 0-0 Qh5 9. d3 Bh3 10. Qc1 Bxg2 11. Kxg2 e5 12. h3 Qf5 13. Nbd2 Rfe8 14. Qc4 Rad8 15. Rad1 Qd7 16. Rfe1 Nd5 17. Ne4 b6 18. Nc3 Nde7 19. Rc1 Nd4 20. Nxd4 exd4 21. Ne4 Nd5 22. a3 c5 23. b4 b5 24. Qb3 c4 25. dxc4 bxc4 26. Qf3 Qf5 27. Nc5 d3 28. Bxg7 d2 29. Qxf5 gxf5 30. Bh6 dxc1Q 31. Rxc1 c3 32. Kf3 a5 33. Nb7 axb4 34. axb4 Rb8 35. Na5 Rxb4 36. Rd1 Rb5 37. Nc4 Rc5 38. Na3 Nb4 39. Bf4 c2 40. Rc1 Rc3+ 0-1